000
00272nam a2200121Ia 4500
005
20251222140050.0
008
251222s1900||||xx |||||||||||||| ||spa||
082
_a
211.6/J14
100
_a
Jaeger, Werner
245
0
_a
Humanismo y TeologĂa
264
_b
Rialp
942
_c
LIB
999
_c
3556
_d
3556